000 00368nam a2200133Ia 4500
008 151001s9999||||xx |||||||||||||| ||und||
100 _aहरी नारायण आपटे
245 _aदिवाकरदृष्टी
250 _a1
260 _bआपटे आणि मंडळीÇ
260 _c1929
300 _a121
365 _b17
999 _c962817
_d962814